Riemannian geometry

Αποθηκεύτηκε σε:
Λεπτομέρειες βιβλιογραφικής εγγραφής
Κύριος συγγραφέας: Petersen, Peter, 1962-
Μορφή: Βιβλίο
Γλώσσα:English
Δημοσίευση: New York : Springer, c1998.
Σειρά:Graduate texts in mathematics ; 171
Θέματα:
Ετικέτες: Προσθήκη ετικέτας
Δεν υπάρχουν, Καταχωρήστε ετικέτα πρώτοι!

MARC

LEADER 00000cam a2200000 i 4500
001 1/763
008 000413s1998 nyu| ||| |||| ||eng||
020 |a 0387982124 
035 |l 10059774 
040 |a GR-MyUa  |b gre  |e AACR2 
041 0 |a eng 
082 7 |a 516.373   |2 (22) 
100 1 |a Petersen, Peter,   |d 1962- 
245 1 0 |a Riemannian geometry /   |c Peter Petersen. 
260 |a New York :   |b Springer,   |c c1998. 
300 |a xvi, 432 σ. :   |b εικ. ;   |c 24 εκ. 
490 1 |a (Graduate texts in mathematics ;   |v 171) 
504 |a Περιλαμβάνει βιβλιογραφικές παραπομπές και ευρετήριο. 
650 0 0 |a Geometry, Riemannian. 
830 0 |a Graduate texts in mathematics ;  |v 171 
852 |a INST  |b SAMOS  |e 20000413  |h 516.373 PET  |p 005300017142  |q 005300017142  |t BK  |y 4  |x 20220905 
901 |a BIBL3-2000-1 
922 |a 3ΕΛΗ  |b 199909  |c ΕΠΕΑΕΚ/ΜΑΘ  |d ΠΑΠΑΣΩΤΗΡΙΟΥ 
970 |a ΠΟΥΡΝΑΡΑΣ  |b ΔΗΜΗΤΡΗΣ  |z 2000/04/13